000 00475nam a22001697a 4500
003 BD-ChCU
005 20260511100200.0
008 260511b bg ||||| |||| 00| 0 ben d
040 _cBD-ChCU
082 _a327.73 TUN
100 _aTucker , Robert .W.
_922726
245 _aA new isolationism :
_bthreat of promise ? ./
_cRobert W. Tucker .
260 _aNew York :
_bUniverse ,
_cC 1972
300 _a127p.
650 0 _aU.S. Foreign policy .
_922728
942 _2ddc
_cBK
_n0
999 _c112848
_d112848